Economics
| Main Author: | Slavin, Stephen L |
|---|---|
| Published: |
Boston, Mass.:
Irwin/McGraw-Hill,
1999.
|
| Subjects: |
| LEADER | 00540cam a2200169 7i4500 | ||
|---|---|---|---|
| 001 | 0000003728 | ||
| 005 | 20220411090000.0 | ||
| 020 | |a 0256263264 (pbk.) | ||
| 090 | 0 | 0 | |a HB171.5 |b .S53 1999 |
| 100 | 1 | |a Slavin, Stephen L | |
| 245 | 1 | 0 | |a Economics |c Stephen L. Slavin. |
| 260 | |a Boston, Mass.: |b Irwin/McGraw-Hill, |c 1999. | ||
| 300 | |a xv, 821 p.: |b ill.; |c 28 cm. | ||
| 504 | |a Includes bibliographical references and index | ||
| 650 | 0 | 0 | |a Economics |
| 997 | |a Business & Accountancy, Faculty | ||
| 999 | |a 0000000088 |b BOK |c OPEN SHELF |e 1st Floor, Shah Alam | ||


